Química analítica
Zapisane w:
| Główni autorzy: | , , |
|---|---|
| Format: | Książka |
| Język: | hiszpański |
| Wydane: |
Ciudad de México
McGraw Hill
1995
|
| Wydanie: | 2a. ed |
| Hasła przedmiotowe: | |
| Etykiety: |
Dodaj etykietę
Nie ma etykietki, Dołącz pierwszą etykiete!
|
MARC
| LEADER | 00000nam a2200000 a 4500 | ||
|---|---|---|---|
| 001 | UCS3159 | ||
| 003 | CL-VaPUC | ||
| 008 | 970613e19950000MX |||||||||||||||||spa|d | ||
| 082 | 0 | 4 | |a 543 |b SKO |2 21 |
| 100 | 0 | |a Skoog, Douglas A |e author |9 389150 | |
| 700 | 0 | |a West, Donald M |e author |9 389151 | |
| 700 | 0 | |a Holler, F. James |e author |9 389152 | |
| 245 | 1 | 0 | |a Química analítica |
| 250 | |a 2a. ed | ||
| 300 | |a 612 p | ||
| 942 | |c BK | ||
| 945 | |d 19970613 00:00:00 |a amoreno | ||
| 260 | |a Ciudad de México |b McGraw Hill |c 1995 | ||
| 650 | 0 | |a Química analítica |9 259648 | |
| 650 | 0 | |a Análisis químico |9 344456 | |
| 650 | 7 | |a SOLUCIONES ACUOSAS |2 CL-VaPUC |9 389153 | |
| 650 | 7 | |a ELECTROLITOS |2 CL-VaPUC |9 360144 | |
| 650 | 7 | |a METODOS GRAVIMETRICOS |2 CL-VaPUC |9 389154 | |
| 650 | 7 | |a NEUTRALIZACION |2 CL-VaPUC |9 389155 | |
| 650 | 7 | |a METODOS DE ANALISIS |2 CL-VaPUC |9 389156 | |
| 650 | 0 | |a Ácidos |9 344389 | |
| 650 | 7 | |a PRECIPITACION |2 CL-VaPUC |9 357418 | |
| 650 | 0 | |a Electroquímica |9 263973 | |
| 650 | 0 | |a Oxidación |9 326616 | |
| 650 | 0 | |a Espectroscopía |9 306791 | |
| 650 | 7 | |a INTERCAMBIO DE IONES |2 CL-VaPUC |9 263966 | |
| 650 | 0 | |a Cromatografía |9 263967 | |
| 583 | |a last modification |c 20180517 09:48:18 |k Rodrigo Vera | ||
| 999 | |c 260962 |d 260960 | ||
| 952 | |0 0 |1 0 |4 0 |6 543_000000000000000_SKO_1995 |7 0 |8 A |9 287628 |a BIBCUR |b BIBCUR |d 2019-11-19 |i 3325229 |o 543 SKO 1995 |p 3325229 |r 2025-04-22 |w 2019-11-19 |y BK |k BCB | ||
| 952 | |0 0 |1 0 |4 0 |6 543_000000000000000_SKO_1995 |7 0 |8 A |9 287629 |a BIBCUR |b BIBCUR |d 2019-11-19 |i 3325237 |o 543 SKO 1995 |p 3325237 |r 2025-04-22 |w 2019-11-19 |y BK |k BCB | ||
| 952 | |0 0 |1 0 |4 0 |6 543_000000000000000_SKO_1995 |7 0 |8 A |9 287630 |a BIBCUR |b BIBCUR |d 2019-11-19 |i 3325245 |o 543 SKO 1995 |p 3325245 |r 2025-04-22 |w 2019-11-19 |y BK |k BCB | ||
| 952 | |0 0 |1 0 |4 0 |6 543_000000000000000_SKO_1995 |7 0 |8 A |9 287631 |a BIBCUR |b BIBCUR |d 2019-11-19 |i 3325253 |o 543 SKO 1995 |p 3325253 |r 2025-04-22 |w 2019-11-19 |y BK |k BCB | ||
| 952 | |0 0 |1 0 |4 0 |6 543_000000000000000_SKO_1995 |7 0 |8 A |9 287632 |a BIBCUR |b BIBCUR |d 2019-11-19 |i 332527K |l 5 |o 543 SKO 1995 |p 332527K |r 2025-04-22 |s 2024-08-23 |w 2019-11-19 |y BK |k BCB | ||
| 952 | |0 0 |1 0 |4 0 |6 543_000000000000000_SKO_1995 |7 0 |8 A |9 287633 |a BIBCUR |b BIBCUR |d 2019-11-19 |i 3325296 |o 543 SKO 1995 |p 3325296 |r 2025-04-22 |w 2019-11-19 |y BK |k BCB | ||
| 952 | |0 0 |1 0 |4 0 |6 543_000000000000000_SKO_1995 |7 0 |8 A |9 287634 |a BIBCUR |b BIBCUR |d 2019-11-19 |i 332530K |o 543 SKO 1995 |p 332530K |r 2025-04-22 |w 2019-11-19 |y BK |k BCB | ||
| 952 | |0 0 |1 0 |4 0 |6 543_000000000000000_SKO_1995 |7 0 |8 A |9 287635 |a BIBCUR |b BIBCUR |d 2019-11-19 |i 3325318 |o 543 SKO 1995 |p 3325318 |r 2025-04-22 |w 2019-11-19 |y BK |k BCB | ||
| 952 | |0 0 |1 0 |4 0 |6 543_000000000000000_SKO_1995 |7 0 |8 A |9 287636 |a BIBCUR |b BIBCUR |d 2019-11-19 |i 3325326 |o 543 SKO 1995 |p 3325326 |r 2025-04-22 |w 2019-11-19 |y BK |k BCB | ||
| 952 | |0 0 |1 0 |4 0 |6 543_000000000000000_SKO_1995 |7 0 |8 A |9 287637 |a BIBCUR |b BIBCUR |d 2019-11-19 |i 3325334 |o 543 SKO 1995 |p 3325334 |r 2025-04-22 |w 2019-11-19 |y BK |k BCB | ||
| 952 | |0 0 |1 0 |4 0 |6 543_000000000000000_SKO_1995 |7 0 |8 A |9 287638 |a BIBCUR |b BIBCUR |d 2019-11-19 |i 3325369 |l 1 |o 543 SKO 1995 |p 3325369 |r 2025-04-22 |s 2024-03-13 |w 2019-11-19 |y BK |k BCB | ||
| 952 | |0 0 |1 0 |4 0 |6 543_000000000000000_SKO_1995 |7 0 |8 A |9 287639 |a BIBCUR |b BIBCUR |d 2019-11-19 |i 3325385 |o 543 SKO 1995 |p 3325385 |r 2025-04-22 |w 2019-11-19 |y BK |k BCB | ||
| 952 | |0 0 |1 0 |4 0 |6 543_000000000000000_SKO_1995 |7 0 |8 A |9 287640 |a BIBCUR |b BIBCUR |d 2019-11-19 |i 3325393 |l 1 |o 543 SKO 1995 |p 3325393 |r 2025-04-22 |s 2023-03-28 |w 2019-11-19 |y BK |k BCB | ||
| 952 | |0 0 |1 0 |4 0 |6 543_000000000000000_SKO_1995 |7 0 |8 A |9 287641 |a BIBCUR |b BIBCUR |d 2019-11-19 |i 3325407 |l 1 |o 543 SKO 1995 |p 3325407 |r 2025-04-22 |s 2024-06-21 |w 2019-11-19 |y BK |k BCB | ||
| 952 | |0 0 |1 0 |4 0 |6 543_000000000000000_SKO_1995 |7 0 |8 A |9 287642 |a BIBCUR |b BIBCUR |d 2019-11-19 |i 3325415 |l 2 |o 543 SKO 1995 |p 3325415 |r 2025-04-22 |s 2024-08-22 |w 2019-11-19 |y BK |k BCB | ||
| 952 | |0 0 |1 0 |4 0 |6 543_000000000000000_SKO_1995 |7 0 |8 A |9 287643 |a BIBCUR |b BIBCUR |d 2019-11-19 |i 3325423 |o 543 SKO 1995 |p 3325423 |r 2025-04-22 |w 2019-11-19 |y BK |k BCB | ||
| 952 | |0 0 |1 0 |4 0 |6 543_000000000000000_SKO_1995 |7 0 |8 A |9 287644 |a BIBCUR |b BIBCUR |d 2019-11-19 |i 3325431 |l 4 |m 3 |o 543 SKO 1995 |p 3325431 |r 2025-04-22 |s 2024-04-30 |w 2019-11-19 |y BK |k BCB | ||
| 952 | |0 0 |1 0 |4 0 |6 543_000000000000000_SKO_1995 |7 0 |8 A |9 287645 |a BIBING |b BIBING |d 2019-11-19 |i 334696K |o 543 SKO 1995 |p 334696K |r 2025-01-20 |w 2019-11-19 |y BK |k ING | ||
| 952 | |0 0 |1 0 |4 0 |6 543_000000000000000_SKO_1995 |7 0 |8 A |9 287646 |a BIBING |b BIBING |d 2019-11-19 |i 3346978 |o 543 SKO 1995 |p 3346978 |r 2025-01-20 |w 2019-11-19 |y BK |k ING | ||
| 952 | |0 0 |1 0 |4 0 |6 543_000000000000000_SKO_1995 |7 0 |8 A |9 287648 |a BIBING |b BIBING |d 2019-11-19 |i 3347001 |o 543 SKO 1995 |p 3347001 |r 2025-01-20 |w 2019-11-19 |y BK |k ING | ||
| 952 | |0 0 |1 0 |4 0 |6 543_000000000000000_SKO_1995 |7 0 |8 A |9 287649 |a BIBCUR |b BIBCUR |d 2019-11-19 |i 334701K |o 543 SKO 1995 |p 334701K |r 2025-04-22 |w 2019-11-19 |y BK |k BCB | ||
| 952 | |0 0 |1 0 |4 0 |6 543_000000000000000_SKO_1995 |7 0 |8 A |9 287650 |a BIBCUR |b BIBCUR |d 2019-11-19 |i 3347028 |o 543 SKO 1995 |p 3347028 |r 2025-04-22 |w 2019-11-19 |y BK |k BCB | ||
| 952 | |0 0 |1 0 |4 0 |6 543_000000000000000_SKO_1995 |7 0 |8 A |9 287651 |a BIBCUR |b BIBCUR |d 2019-11-19 |i 3347036 |l 1 |o 543 SKO 1995 |p 3347036 |r 2025-04-22 |s 2023-08-25 |w 2019-11-19 |y BK |k BCB | ||
| 952 | |0 0 |1 0 |4 0 |6 543_000000000000000_SKO_1995 |7 0 |8 A |9 287652 |a BIBCUR |b BIBCUR |d 2019-11-19 |i 3347044 |o 543 SKO 1995 |p 3347044 |r 2025-04-22 |w 2019-11-19 |y BK |k BCB | ||
| 952 | |0 0 |1 0 |4 0 |6 543_000000000000000_SKO_1995 |7 0 |8 A |9 287653 |a BIBCUR |b BIBCUR |d 2019-11-19 |i 3347052 |o 543 SKO 1995 |p 3347052 |r 2025-04-22 |w 2019-11-19 |y BK |k BCB | ||
| 952 | |0 0 |1 0 |4 0 |6 543_000000000000000_SKO_1995 |7 0 |8 A |9 287657 |a BIBCUR |b BIBCUR |d 2019-11-19 |i 3348482 |o 543 SKO 1995 |p 3348482 |r 2025-04-22 |w 2019-11-19 |y BK |k QUI | ||
| 952 | |0 0 |1 0 |4 0 |6 543_000000000000000_SKO_1995 |7 0 |8 A |9 287658 |a BIBCUR |b BIBCUR |d 2019-11-19 |i 3438813 |o 543 SKO 1995 |p 3438813 |r 2025-04-22 |w 2019-11-19 |y BK |k BCB | ||
| 952 | |0 0 |1 0 |4 0 |6 543_000000000000000_SKO_1995 |7 0 |8 A |9 287659 |a BIBCUR |b BIBCUR |d 2019-11-19 |i 3438821 |o 543 SKO 1995 |p 3438821 |r 2025-04-22 |w 2019-11-19 |y BK |k BCB | ||
| 952 | |0 0 |1 0 |4 0 |6 543_000000000000000_SKO_1995 |7 0 |8 A |9 287660 |a BIBCUR |b BIBCUR |d 2019-11-19 |i 343883K |o 543 SKO 1995 |p 343883K |r 2025-04-22 |w 2019-11-19 |y BK |k BCB | ||
| 952 | |0 0 |1 0 |4 0 |6 543_000000000000000_SKO_1995 |7 0 |8 A |9 287661 |a BIBCUR |b BIBCUR |d 2019-11-19 |i 3438848 |l 2 |o 543 SKO 1995 |p 3438848 |r 2025-04-22 |s 2024-09-05 |w 2019-11-19 |y BK |k BCB | ||
| 952 | |0 0 |1 0 |4 0 |6 543_000000000000000_SKO_1995 |7 0 |8 A |9 287662 |a BIBCUR |b BIBCUR |d 2019-11-19 |i 3438856 |o 543 SKO 1995 |p 3438856 |r 2025-04-22 |w 2019-11-19 |y BK |k BCB | ||
| 952 | |0 0 |1 0 |4 0 |6 543_000000000000000_SKO_1995 |7 0 |8 A |9 287663 |a BIBCUR |b BIBCUR |d 2019-11-19 |i 3438864 |o 543 SKO 1995 |p 3438864 |r 2025-04-22 |w 2019-11-19 |y BK |k BCB | ||
| 952 | |0 0 |1 0 |4 0 |6 543_000000000000000_SKO_1995 |7 0 |8 A |9 287664 |a BIBCUR |b BIBCUR |d 2019-11-19 |i 3438872 |o 543 SKO 1995 |p 3438872 |r 2025-04-22 |w 2019-11-19 |y BK |k BCB | ||
| 952 | |0 0 |1 0 |4 0 |6 543_000000000000000_SKO_1995 |7 0 |8 A |9 287665 |a BIBCUR |b BIBCUR |d 2019-11-19 |i 3438899 |o 543 SKO 1995 |p 3438899 |r 2025-04-22 |w 2019-11-19 |y BK |k BCB | ||
| 952 | |0 0 |1 0 |4 0 |6 543_000000000000000_SKO_1995 |7 0 |8 A |9 287666 |a BIBCUR |b BIBCUR |d 2019-11-19 |i 3438902 |o 543 SKO 1995 |p 3438902 |r 2025-04-22 |w 2019-11-19 |y BK |k BCB | ||
| 952 | |0 0 |1 0 |4 0 |6 543_000000000000000_SKO_1995 |7 0 |8 A |9 287667 |a BIBCUR |b BIBCUR |d 2019-11-19 |i 4288866 |l 6 |m 1 |o 543 SKO 1995 |p 4288866 |r 2025-04-22 |s 2024-06-07 |w 2019-11-19 |y BK |k QUI | ||